| 000 | 00854nam a22002295i 4500 | ||
|---|---|---|---|
| 001 | 156208 | ||
| 003 | ES-MaACL | ||
| 005 | 20250823103029.0 | ||
| 008 | 020913s1896 fr |||| | fre d | ||
| 040 |
_aCCPB | B _bspa _cCCPB | B |
||
| 100 | 1 |
_aJaëll, Marie. _965897 |
|
| 245 | 1 | 3 |
_aLa musique et la psychophysiologie / _cpar Marie Jaëll. |
| 260 |
_aParis : _bancienne Librairie Germer Baillière et C\pie\s, Félix Alcan, éditeur, _c1896 ( _eCoulommiers : _fImp. Paul Brodard) |
||
| 300 |
_aVI, 171 p. ; _c18 cm. |
||
| 490 | 1 | _aBibliothèque de philosophie contemporaine | |
| 650 | 7 |
_aMúsica- _xAspectos psicológicos _2 _9157233 |
|
| 752 |
_aFrancia - _dParís |
||
| 752 |
_aFrancia - _dCoulommiers |
||
| 830 | 0 |
_aBibliothèque de philosophie contemporaine _9181027 |
|
| 852 |
_aES-MaACL _jF-11928 _z-- Enc. hol. |
||
| 999 |
_c156208 _d156208 |
||